000 02574nam a2200565 i 4500
001 31344
003 KOSZ 005
005 20220216102212.0
008 220216s1996 pl a f f 001 0 pol
015 _aPB 14921/96
020 _a8385428186
040 _aWA N
_cWA N
_dKOSZ 005/RW
046 _k1993
080 _a002.2
080 _a66/69
080 _a(075.8)
100 1 _aDurlik, Ireneusz
_d(1931- )
_eAutor
245 1 0 _aInżynieria zarządzania :
_bstrategia i projektowanie systemów produkcyjnych.
_nCz. 2,
_p[Strategia wytwarzania, projektowanie procesów i systemów produkcyjnych] /
_cIreneusz Durlik ; [podrozdziały 14. 8 opracował Józef Matuszek ; Zakres i kolejność projektowania FMS opracował Waldemar Sołtys] ; [recenzenci : prof. dr hab. inż. Roman Kolman, prof. dr inż. Mieczysław Dworczyk].
250 _aWydanie 2. rozszerzone i zmienione.
260 _aWarszawa :
_b"Placet",
_c1996.
300 _a399 stron :
_brysunki, wykresy ;
_c24 cm.
336 _aTekst
_btxt
_2rdacontent
337 _aBez urządzenia pośredniczącego
_bn
_2rdamedia
338 _aWolumin
_bnc
_2rdacarrier
380 _aKsiążki
380 _aPublikacje fachowe
380 _aPublikacje dydaktyczne
388 1 _a1901-2000
388 1 _a1989-2000
490 1 _aBiblioteka Biznesmena.
504 _aBibliografia na stronach 389-390. Indeks.
521 8 _aKsiążka jest przeznaczona dla kierowniczego personelu średnich i dużych przedsiębiorstw przemysłowych, a także ośrodków badawczo- rozwojowych. Jako podręcznik będzie ona przydatna studentom uczelni technicznych i ekonomiczno- menedżerskich, szczególnie tych, którzy chcą specjalizować się w zarządzaniu produkcją i projektowaniem produkcji w warunkach High-Technology.
650 7 _aPrzemysł
650 7 _aProdukcja
650 7 _aOrganizacja
650 7 _aProjekty
650 7 _aPrzedsiębiorstwo
650 7 _aZarządzanie
655 7 _aPodręczniki akademickie
658 _aGospodarka, ekonomia, finanse
658 _aZarządzanie i marketing
700 1 _aSołtys, Waldemar
_eOpracowanie
700 1 _aMatuszek, Józef
_d(1950- )
_eOpracowanie
700 1 _aKolman, Roman
_eRecenzja
700 1 _aDworczyk, Mieczysław
_d(1923-2010)
_eRecenzja
710 2 _aWydawnictwo Placet
_4pbl
830 0 _aBiblioteka Biznesmena
856 _uhttp://koha.tu.koszalin.pl/cgi-bin/koha/opac-detail.pl?biblionumber=31344
_yKatalog online BPK
942 _2UKD
_cKS
999 _c31344
_d31344